| 000 | 00000nam 2200000zi 4500 |
| 001 | 9.945400 |
| 003 | CaOODSP |
| 005 | 20241121131203 |
| 006 | m o d f |
| 007 | cr |n||||||||| |
| 008 | 241121t19781978onca o f000 0|eng d |
| 020 | |z0662019164 |
| 040 | |aCaOODSP|beng|erda|cCaOODSP |
| 043 | |an-cn--- |
| 086 | 1 |aC23-100/1978E-PDF|zC65-222/1978 |
| 245 | 00|aReport on the status of Canadian wildlife used by the fur industry. |
| 250 | |aRevised edition (1977). |
| 264 | 1|aOttawa, Canada : |bGovernment of Canada, Industry, Trade and Commerce = Gouvernement du Canada, Industrie et Commerce, |c1978. |
| 264 | 4|c©1978 |
| 300 | |a1 online resource (66 pages) : |billustrations |
| 336 | |atext|btxt|2rdacontent |
| 337 | |acomputer|bc|2rdamedia |
| 338 | |aonline resource|bcr|2rdacarrier |
| 500 | |aIssued also in French under title: Rapport sur la situation des ressources de la faune canadienne pour l'industrie de la fourrure. |
| 500 | |aDigitized edition from print [produced by Innovation, Science and Economic Development Canada]. |
| 650 | 0|aFur trade|zCanada. |
| 650 | 0|aFur-bearing animals|zCanada. |
| 650 | 0|aEndangered species|zCanada. |
| 710 | 1 |aCanada. |bIndustry, Trade and Commerce, |eissuing body. |
| 775 | 08|tRapport sur la situation des ressources de la faune canadienne pour l'industrie et la fourrure.|w(CaOODSP)9.945408 |
| 856 | 40|qPDF|s1.60 MB|uhttps://publications.gc.ca/collections/collection_2024/isde-ised/c23/C23-100-1978-eng.pdf |